00334pam a2200109 a 4500020000500000041000500005082001800010100002200028245013200050260002600182300001600208 c h a741.0118bSCH aSussnne Schaudt . aZendoodle Meditatire drawing to clam your inner self bZendoodle Meditatire drawing to clam your inner self hTextual Documents a[s.l]:bSearch Press  a78:bpaper.